| 000 | 00504nam a22001817a 4500 | ||
|---|---|---|---|
| 003 | BD-DhUL | ||
| 005 | 20170821123345.0 | ||
| 008 | 170821s1988 ua ||||| |||| 00| 0 ara d | ||
| 040 |
_aBD-DhUL _cBD-DhUL |
||
| 082 |
_a892.73 _bMAS |
||
| 100 | 1 | _aمحفوظ، نجیب | |
| 245 | 1 | 0 |
_aالشیطان یعظ / _cنجیب محفوظ |
| 260 |
_aمصر : _bمکتبۃ مصر، _c۱۹۸۸۔ |
||
| 300 |
_aص۔ ۳۶۸ ؛ _c۲۰ سم۔ |
||
| 365 |
_aBDT _b375 |
||
| 650 | 0 | _aArabic fiction | |
| 942 |
_2ddc _cBK |
||
| 999 |
_c213601 _d213601 |
||